| 000 | 01073nam a2200301 4500 | ||
|---|---|---|---|
| 003 | EC-UNACH | ||
| 005 | 20251223115833.0 | ||
| 006 | s||||gr|||| 00| 00 | ||
| 008 | 150116t9999 mx r gr 000 0 spa d | ||
| 020 | _aS/N | ||
| 040 |
_aEC-UNACH _cEC-UNACH |
||
| 041 | _aspa | ||
| 082 | 0 | 4 |
_223 _a711.4 _bL018579 |
| 110 | _aS/N | ||
| 245 | _aRecuperación urbano- Arquitectónica en el sector de la "estación ferroviaria" de la parroquia del quinche cantón Quito | ||
| 250 | _aS/N | ||
| 264 |
_aEcuador _bS/N _c2015 |
||
| 300 | _a147 | ||
| 505 | _a-Etapa preliminar -Marco teórico - Arquitectónica - Procedencia de materiales de construcción para la estación de ferrocarriles -Análisis coyuntural investigación de campo -Relación con el entorno urbano inmediato -Simbolismo | ||
| 650 | _aADAPTACION VIAL | ||
| 650 | _aMEDIO URBANO | ||
| 650 | _aDIAGNOSTICO | ||
| 700 | _aJulieta Marianita Carate Hurtado | ||
| 942 |
_2ddc _c1 |
||
| 999 | _c14355 | ||